Comarcas de Castilla y León en un mapa - Estadísticas

Estadísticas generales
  • Esta prueba ha sido intentada 161 veces
  • La puntuación promedio es 20 de 74
Respuestas en el mapa
Las respuestas están codificadas por una escala verde-roja en el mapa de la prueba según el % correcto abajo.
 
Estadísticas de respuestas
Respuesta % Correcto
El Bierzo
85%
El Alfoz de Burgos
74%
Soria
74%
Salamanca
73%
El Alfoz de Segovia
71%
El Valle Amblés y Ávila
71%
Valladolid
66%
La Tierra de Campos Palentina
59%
La Tierra de Campos Vallisoletana
59%
La Tierra de Campos Zamorana
59%
Ciudad Rodrigo
53%
Sanabria
53%
Astorga
44%
Montaña Palentina
39%
La Bañeza
36%
La Tierra del Vino
36%
Tierra del Vino
36%
Almazán
35%
El Burgo de Osma
35%
La Tierra de Pinares de Segovia
35%
La Tierra de Pinares de Soria
35%
La Tierra de Pinares de Valladolid
35%
Tierra del Pan
35%
Las Merindades
34%
Medinaceli-Arcos de Jalón
34%
Ribera del Duero
34%
Ebro Burgalés
30%
El Cerrato
29%
El Páramo
27%
Vitigudino
27%
Guijuelo
26%
Sierra de Francia
26%
La Tierra de Sepúlveda
24%
Sahagún
21%
Sayago
21%
Alto Tormes
20%
La Bureba
20%
El Moncayo
19%
Sierra de Béjar
19%
Sierra de la Demanda
19%
Segovia Noreste
18%
Tierra de Alba
18%
Tierra de Alba
18%
Arlanza
17%
La Cabrera
17%
Aliste
16%
Tierra de Medina
16%
Benavente y los Valles
15%
Tierras de León
15%
La Moraña
14%
Páramos
14%
Campo de Peñafiel
12%
Tierra de Ledesma
12%
Alfoz de Toro
11%
La Armuña
11%
La Guareña
11%
Las Villas
11%
Tierra de Peñaranda
11%
La Carballeda
10%
Los Montes de Oca
10%
Montes Torozos
10%
Odra-Pisuerga
10%
Tierra de Tábara
10%
Berlanga
9%
Esla-Campos
9%
Páramos-Valles
9%
Alberche y La Tierra de Pinares
7%
El Campo de Gómara
7%
La Montaña de Luna
7%
La Montaña de Riaño
5%
Las Tierras Altas de Soria
5%
La Campiña de Segovia
4%
Las Arenas de San Pedro
4%
Los Páramos de Esgueva
1%
No se encontraron pruebas coincidentes
Distribución de puntuación
Porcentaje de gente con cada puntuación
Porcentaje por número respondido
Historial de tus puntuaciones
No has intentado esta prueba.